| 000 | 00683cam a22002172 4500 | ||
|---|---|---|---|
| 001 | 0000000793 | ||
| 005 | 20151217154327.0 | ||
| 008 | 070220s xx 000 0 eng d | ||
| 020 | _a0736904425 : | ||
| 040 |
_aKABU _cKABU |
||
| 050 | 0 |
_aBV4527 _b.C43 2000 |
|
| 100 | 1 |
_aChapman, Annie. _@0000149152 |
|
| 245 | 1 | 0 |
_aPutting anger in its place / _cAnnie Chapman. |
| 260 |
_aEugene, Oregon : _bHarvest House, _c2000. |
||
| 300 |
_axii, 156 p. ; _c22 cm. |
||
| 600 | 1 | 0 |
_aChristian women _xReligious life. _@0000149153 |
| 650 | 0 |
_aAnger _xReligious aspects _xChristianity. _@0000149154 |
|
| 908 | _a070220 | ||
| 950 | _@1 | ||
| 999 |
_c10502 _d10502 |
||